Statistics for Things Named After Greek Gods

Click here to take the quiz!

General Stats

  • This quiz has been taken 1,700 times
  • The average score is 6 of 10

Answer Stats

ClueAnswer% Correct
The ringed planetSaturn
86%
First human spaceflight to the moonApollo 11
82%
American sport manufactureNike
68%
Chocolate barMars bar
60%
Carnivorous plantVenus fly trap
60%
Largest city in ArizonaPhoenix
58%
ThermometersMercury
57%
The KindleAmazon
44%
Camera companyOlympus
30%
Afro Caribbean musicCalypso music
21%

Score Distribution

Percentile by Number Answered

Percent of People with Each Score

Your Score History

You have not taken this quiz